LEADER 01438nam a2200277 u 4500 001 000000013828 003 CaOOAMICUS 005 20070226105708.0 008 941212m19601966fr u000 u fre u 035 $a10329195 040 $aBAV$bita 100 1 $aLeclercq, Jean,$cO.S.B.,$d1911-1993.$0(OLS)http://pul/name/3420 245 10$aHistoire de la spiritualité chrétienne /$cDom. Jean Leclercq. 260 $a[Paris] :$bAubier,$c1960-1966. 300 $a3 v. ;$c23 cm 505 1 $av. 1. La Spiritualité du Nouveau Testament et des pères / Louis Bouyer -- v. 2. La Spiritualité du Moyen Age -- v. 3. Histoire de la Spiritualité chrérienne. 650 4$aSpiritualità$xStoria.$0(OLS)http://pul/subject/9916 700 1 $aCognet, Louis,$cO.S.B.,$d1917-$0(OLS)http://pul/name/12945 700 1 $aVandenbroucke, François,$cO.S.B.,$d1912-$0(OLS)http://pul/name/12944 700 1 $aBouyer, Louis,$cC.Or.,$d1913-2004.$0(OLS)http://pul/name/722 850 $aPUL 852 $aPUL$W1$xDP1 Fondo Pastorale$y55$mP9 E 36-37$j19431$nBK-PRI$b $qFondi$B19431$CPULBib$Z2$F19431 $HPUL1574-1575 $81 852 $aPUL$W1$xDP1 Fondo Pastorale$y55$mP9 E 36-37$j19431$nBK-PRI$b $qFondi$B19432$CPULBib$Z2$F19432 $HPUL1574-1575 $81 941 1 $a1 996 $6245$aHistoire de la spiritualité chrétienne$9(OLS)http://pul/title/19903 996 $6260$a[Paris] :$bAubier$9(OLS)http://pul/publisher/54161 LEADER 01443nam a2200325 u 4500 001 000000027708 003 CaOOAMICUS 005 20070226111723.0 008 960201s1928 it u000 u ita u 035 $a10720844 040 $aPUL$bita$dPUL(R) 100 1 $aVolpe, Gioacchino,$d1876-1971.$0(OLS)http://pul/name/5255 245 10$aMedio evo italiano /$cG. Volpe. 250 $a2. ed. accresciuta. 260 $aFirenze :$bVallecchi,$c1928. 300 $axii, 355 p. ;$c19 cm 490 1 $aCollana storica ;$v10 504 $aBibliografia in nota. 650 4$aComuni medioevali.$0(OLS)http://pul/subject/15969 650 4$aChiesa e stato$zItalia$yEvo medio.$0(OLS)http://pul/subject/15970 651 4$aMilano$xStoria.$0(OLS)http://pul/subject/15971 651 4$aItalia$xStoria$y476-1492.$0(OLS)http://pul/subject/5871 830 0$aCollana storica (Vallecchi editore) ;$v10.$0(OLS)http://pul/title/277 850 $aPUL 852 $aPUL$W1$xDP1 Fondo Maccarrone$y58$m1503 D 21$j38566$nBK-PRI$b $qFondi$B38566$CPULBib$Z2$F38566 $H $81 852 $aPUL$W1$xDP1 Fondo Cecchetti$y53$m269 H 27$j38567$nBK-PRI$b $qFondi$B38567$CPULBib$Z2$F38567 $HPUL2913 $81 941 1 $a1 961 $aINV: 00970 -- Fondo Mons. M. Maccarrone 996 $6245$aMedio evo italiano$9(OLS)http://pul/title/37880 996 $6260$aFirenze :$bVallecchi$9(OLS)http://pul/publisher/47977